000
00289nam a22001097a 4500
082
_a
828/SIN
100
_a
Sing,Krishna Kumar
_9
81541
245
_a
Brighten Your English Writing Skills
260
_a
Delhi
_b
Book Tree Publishing House
_c
2022
650
_a
English Writing
_9
81542
942
_c
BK
999
_c
65601
_d
65601